<?xml version="1.0" encoding="UTF-8"?><?xml-stylesheet type="text/xsl" href="static/style.xsl"?><OAI-PMH xmlns="http://www.openarchives.org/OAI/2.0/" xmlns:xsi="http://www.w3.org/2001/XMLSchema-instance" xsi:schemaLocation="http://www.openarchives.org/OAI/2.0/ http://www.openarchives.org/OAI/2.0/OAI-PMH.xsd"><responseDate>2026-04-17T03:35:11Z</responseDate><request verb="GetRecord" identifier="oai:www.recercat.cat:2445/165892" metadataPrefix="marc">https://recercat.cat/oai/request</request><GetRecord><record><header><identifier>oai:recercat.cat:2445/165892</identifier><datestamp>2025-12-05T05:34:07Z</datestamp><setSpec>com_2072_1057</setSpec><setSpec>col_2072_478857</setSpec><setSpec>col_2072_478917</setSpec></header><metadata><record xmlns="http://www.loc.gov/MARC21/slim" xmlns:dcterms="http://purl.org/dc/terms/" xmlns:xsi="http://www.w3.org/2001/XMLSchema-instance" xmlns:doc="http://www.lyncode.com/xoai" xsi:schemaLocation="http://www.loc.gov/MARC21/slim http://www.loc.gov/standards/marcxml/schema/MARC21slim.xsd">
   <leader>00925njm 22002777a 4500</leader>
   <datafield ind2=" " ind1=" " tag="042">
      <subfield code="a">dc</subfield>
   </datafield>
   <datafield ind2=" " ind1=" " tag="720">
      <subfield code="a">Arnall i Juan, M. Josepa (Maria Josepa)</subfield>
      <subfield code="e">author</subfield>
   </datafield>
   <datafield ind2=" " ind1=" " tag="260">
      <subfield code="c">2020-06-16T20:48:17Z</subfield>
   </datafield>
   <datafield ind2=" " ind1=" " tag="260">
      <subfield code="c">2020-06-16T20:48:17Z</subfield>
   </datafield>
   <datafield ind2=" " ind1=" " tag="260">
      <subfield code="c">1978</subfield>
   </datafield>
   <datafield ind2=" " ind1=" " tag="260">
      <subfield code="c">2020-06-16T20:48:17Z</subfield>
   </datafield>
   <datafield ind2=" " ind1=" " tag="520">
      <subfield code="a">Con el presente artículo ofrezco una pequefia aportación a la historia de Vilasacra, mi pueblo natal, de cuyo pasado se tienen pocas noticias. En cuanto a fuentes principales impresas los autores que informan de alguna manera sobre esta villa son : Monsalvatje (1), el P. Villanueva (2), Barraquer y Roviralta (3), Carreras Candi (4), Pella y Forgas (5), Papell (6), el P. Juandó Arboix (7) y la reciente publicación Els Castells Catalans (8) ; ademús su nombre figura en algunos mapas como el publicado por el Dr. Mateu y Llopis (9) en el que Vilasacra està en el límite entre los condados de Ampurias, Perelada y Besalú, y el de Rubió i Lois en la obra de Abadal, perteneciendo al condado de Perelada (10).</subfield>
   </datafield>
   <datafield tag="653" ind2=" " ind1=" ">
      <subfield code="a">Història</subfield>
   </datafield>
   <datafield tag="653" ind2=" " ind1=" ">
      <subfield code="a">Alt Empordà (Catalunya)</subfield>
   </datafield>
   <datafield tag="653" ind2=" " ind1=" ">
      <subfield code="a">History</subfield>
   </datafield>
   <datafield tag="653" ind2=" " ind1=" ">
      <subfield code="a">Alt Empordà (Catalonia)</subfield>
   </datafield>
   <datafield ind2="0" ind1="0" tag="245">
      <subfield code="a">Notas y documentos para la historia de Vilasacra (y II)</subfield>
   </datafield>
</record></metadata></record></GetRecord></OAI-PMH>